[Event "GER-ch U14"]
[Site "Willingen"]
[Date "2015.05.24"]
[Round "1"]
[White "Fieberg, Samuel"]
[Black "Hovhannisyan, Artur"]
[Result "1-0"]
[WhiteElo "2133"]
[BlackElo "1831"]
[PlyCount "79"]
[EventDate "2015.05.24"]
[EventType "swiss"]
[EventRounds "9"]
[EventCountry "GER"]
[SourceTitle "CBM 166 Extra"]
[Source "ChessBase"]
[SourceDate "2015.06.18"]
[SourceVersion "1"]
[SourceVersionDate "2015.06.18"]
[SourceQuality "1"]

1. e4 c5 2. Nf3 e6 3. g3 Nc6 4. Bg2 d6 5. 0-0 Nf6 6. Re1 Be7 7. d4 cxd4 8. Nxd4 0-0 9. c4 a6 10. Nc3 Qc7 11. b3 Rd8 12. Be3 Bd7 13. Rc1 Nxd4 14. Bxd4 Bc6 15. Qe2 e5 16. Be3 Rac8 17. f3 Nd7 18. Bh3 Ra8 19. b4 b6 20. b5 Bb7 21. Bxd7 Rxd7 22. Na4 axb5 23. Nxb6 bxc4 24. Rxc4 Qd8 25. Nxa8 Qxa8 26. Rec1 Rd8 27. Rc7 Bf8 28. Qb5 Ba6 29. Qb3 d5 30. Ra7 Qb8 31. Qxb8 Rxb8 32. Rxa6 d4 33. Bd2 h6 34. Kf1 Kh7 35. Ke2 Rb2 36. Kd3 f6 37. f4 h5 38. f5 g6 39. Ra7+ Kg8 40. Rh1 1-0

[Event "GER-chT U12"]
[Site "Verden"]
[Date "2014.12.29"]
[Round "6.2"]
[White "Hovhannisyan, Artur"]
[Black "Pysarenko, Kyrill"]
[Result "0-1"]
[WhiteElo "1707"]
[BlackElo "1408"]
[PlyCount "113"]
[EventDate "2014.12.27"]
[EventType "team-swiss"]
[EventRounds "7"]
[EventCountry "GER"]
[SourceTitle "EXT 2016"]
[Source "ChessBase"]
[SourceDate "2015.10.08"]
[SourceVersion "1"]
[SourceVersionDate "2015.10.08"]
[SourceQuality "1"]
[WhiteTeam "Harksheide"]
[BlackTeam "Berlin Empor"]
[WhiteTeamCountry "GER"]
[BlackTeamCountry "GER"]

1. e4 c5 2. Nf3 e6 3. d4 cxd4 4. Nxd4 Nf6 5. Nc3 d6 6. Bb5+ Bd7 7. Bxd7+ Nbxd7 8. 0-0 Be7 9. Re1 a6 10. Bg5 0-0 11. Qd2 Rc8 12. Nf3 Qc7 13. Rad1 Rfd8 14. Bf4 Nb6 15. Qc1 Nc4 16. Rd3 b5 17. e5 Ne8 18. exd6 Bxd6 19. Bxd6 Nexd6 20. b3 Nb6 21. Qf4 Qe7 22. Red1 Nf5 23. Ne5 Rxd3 24. Nxd3 Rxc3 25. Qb8+ Nc8 26. Ne5 Nfd6 27. Nc4 bxc4 28. Qb4 Rxc2 29. bxc4 Rxc4 30. Qb3 h6 31. h3 Qc7 32. Qe3 Nf5 33. Qd2 Rd4 34. Qe2 Rxd1+ 35. Qxd1 Ncd6 36. Qa4 Qc1+ 37. Kh2 Qc4 38. Qd7 Qf4+ 39. Kg1 Ne4 40. Qa7 Qc1+ 41. Kh2 Nd2 42. Qa8+ Kh7 43. g4 Nf1+ 44. Kg2 Nh4+ 45. Kh1 Nd2+ 46. Kh2 Ndf3+ 47. Kg3 Qg1+ 48. Kf4 g5+ 49. Ke3 Qe1+ 50. Kd3 Ne5+ 51. Kc2 Qe2+ 52. Kc3 Qd3+ 53. Kb4 Qc4+ 54. Ka3 Qb5 55. Qe4+ Kg7 56. Qb4 Qxb4+ 57. Kxb4 0-1

[Event "GER-chT U12"]
[Site "Verden"]
[Date "2014.12.28"]
[Round "4.2"]
[White "Hovhannisyan, Artur"]
[Black "Post, Hugo"]
[Result "1-0"]
[WhiteElo "1707"]
[BlackElo "1682"]
[PlyCount "51"]
[EventDate "2014.12.27"]
[EventType "team-swiss"]
[EventRounds "7"]
[EventCountry "GER"]
[SourceTitle "EXT 2016"]
[Source "ChessBase"]
[SourceDate "2015.10.08"]
[SourceVersion "1"]
[SourceVersionDate "2015.10.08"]
[SourceQuality "1"]
[WhiteTeam "Harksheide"]
[BlackTeam "Halle Reideburg"]
[WhiteTeamCountry "GER"]
[BlackTeamCountry "GER"]

1. e4 c5 2. Nf3 Nc6 3. d4 cxd4 4. Nxd4 g6 5. Nc3 Bg7 6. Be3 Nf6 7. Be2 0-0 8. Qd2 d6 9. h4 d5 10. exd5 Nxd5 11. Nxd5 Qxd5 12. Bf3 Qd7 13. 0-0-0 Ne5 14. Be2 Qc7 15. Bh6 Bd7 16. Bxg7 Kxg7 17. h5 Rh8 18. h6+ Kf8 19. Nf3 Rd8 20. Qd4 f6 21. Rd2 Nc6 22. Qc3 Qc8 23. Rhd1 Kf7 24. Bc4+ Be6 25. Ng5+ fxg5 26. Qg7+ 1-0

[Event "GER-chT North U12"]
[Site "Magdeburg"]
[Date "2014.09.11"]
[Round "2.2"]
[White "Kipke, Kevin"]
[Black "Hovhannisyan, Artur"]
[Result "0-1"]
[WhiteElo "1388"]
[BlackElo "1720"]
[PlyCount "122"]
[EventDate "2014.09.11"]
[EventType "team-swiss"]
[EventRounds "7"]
[EventCountry "GER"]
[SourceTitle "EXT 2016"]
[Source "ChessBase"]
[SourceDate "2015.10.08"]
[SourceVersion "1"]
[SourceVersionDate "2015.10.08"]
[SourceQuality "1"]
[WhiteTeam "Hamburg Koenigsspringer"]
[BlackTeam "Harksheide"]
[WhiteTeamCountry "GER"]
[BlackTeamCountry "GER"]

1. e4 c5 2. Nf3 e6 3. d4 cxd4 4. Nxd4 a6 5. Nc3 Bb4 6. Bd2 Ne7 7. Bd3 0-0 8. 0-0 Nbc6 9. Nb3 d5 10. a3 Bd6 11. exd5 exd5 12. Re1 Ne5 13. Be3 Nxd3 14. Qxd3 Bf5 15. Qd2 Qd7 16. Bd4 Nc6 17. Bc5 Be6 18. Bxd6 Qxd6 19. Nd4 Nxd4 20. Qxd4 Rac8 21. Rad1 Rfd8 22. Re2 Rc4 23. Qd3 g6 24. Red2 Qc5 25. Re1 Bf5 26. Qf3 d4 27. Qxb7 Rd7 28. Qb8+ Kg7 29. Ne2 Re7 30. Qb3 Bxc2 31. Qf3 d3 32. Rxd3 Bxd3 33. Qxd3 Rce4 34. Kf1 Qc4 35. Qxc4 Rxc4 36. Nc3 Rb7 37. Re2 a5 38. f3 Rc5 39. Kf2 Rc6 40. g3 Rcb6 41. Na4 Rb5 42. h4 h5 43. Rd2 Re7 44. Nc3 Rb3 45. Rc2 Rd7 46. Re2 Rc7 47. Rc2 a4 48. Rd2 f5 49. Nxa4 Rc4 50. Nc3 f4 51. gxf4 Rxf4 52. Kg3 Rf7 53. f4 Rfb7 54. Kf3 Rxb2 55. Rd4 R7b3 56. Ke4 Rxc3 57. a4 Rcb3 58. Ke5 Rb8 59. Rd7+ Kh6 60. Kf6 R2b6+ 61. Kf7 R6b7 0-1

[Event "Hamburg St Pauli op-B"]
[Site "Hamburg"]
[Date "2014.07.25"]
[Round "7"]
[White "Wirries, Frank Michael"]
[Black "Hovhannisyan, Artur"]
[Result "0-1"]
[WhiteElo "1850"]
[BlackElo "1761"]
[PlyCount "38"]
[EventDate "2014.07.19"]
[EventType "swiss"]
[EventRounds "9"]
[EventCountry "GER"]
[SourceTitle "CBM 161 Extra"]
[Source "ChessBase"]
[SourceDate "2014.08.29"]
[SourceVersion "1"]
[SourceVersionDate "2014.08.29"]
[SourceQuality "1"]

1. e4 e6 2. d4 c5 3. Nf3 cxd4 4. Nxd4 Nc6 5. Be3 Nf6 6. Nc3 Bb4 7. Be2 Nxe4 8. Nxc6 Nxc3 9. Qd4 Nxe2+ 10. Qxb4 bxc6 11. Kxe2 Qe7 12. Bc5 Ba6+ 13. c4 Qh4 14. Rhc1 Qxh2 15. g3 Qh5+ 16. Kf1 d5 17. Qa4 Qh1+ 18. Ke2 Qe4+ 19. Kd2 Bb5 0-1

[Event "Hamburg St Pauli op-B"]
[Site "Hamburg"]
[Date "2014.07.24"]
[Round "6"]
[White "Harms, Friedjof"]
[Black "Hovhannisyan, Artur"]
[Result "1-0"]
[WhiteElo "1866"]
[BlackElo "1761"]
[PlyCount "113"]
[EventDate "2014.07.19"]
[EventType "swiss"]
[EventRounds "9"]
[EventCountry "GER"]
[SourceTitle "CBM 161 Extra"]
[Source "ChessBase"]
[SourceDate "2014.08.29"]
[SourceVersion "1"]
[SourceVersionDate "2014.08.29"]
[SourceQuality "1"]

1. e4 d5 2. exd5 Nf6 3. d4 Nxd5 4. c4 Nb6 5. Nc3 g6 6. Be3 Bg7 7. h3 0-0 8. Nf3 e6 9. Qd2 Nc6 10. Rd1 Qe7 11. Be2 Rd8 12. 0-0 Ne5 13. Nxe5 Bxe5 14. Qc1 Bg7 15. Bh6 Bd7 16. Bxg7 Kxg7 17. c5 Nd5 18. Nxd5 exd5 19. Bf3 c6 20. Qf4 b6 21. Rfe1 Qf6 22. Qxf6+ Kxf6 23. b4 Re8 24. Rxe8 Rxe8 25. cxb6 axb6 26. a4 Ra8 27. Ra1 Ke7 28. Kf1 Kd6 29. Ke2 c5 30. bxc5+ bxc5 31. dxc5+ Kxc5 32. a5 Bc6 33. Kd3 Bb5+ 34. Kd2 Bc4 35. Be2 Ra6 36. Bxc4 dxc4 37. Kc3 Rd6 38. a6 Rd3+ 39. Kc2 Rd8 40. a7 Ra8 41. Kc3 f5 42. f4 Kd5 43. Ra5+ Ke4 44. Kxc4 Kxf4 45. Ra2 g5 46. Kb5 h5 47. Kb6 g4 48. hxg4 fxg4 49. Ra3 Rh8 50. g3+ Ke4 51. a8Q+ Rxa8 52. Rxa8 Kf3 53. Ra3+ Kg2 54. Kc5 Kh3 55. Kd4 h4 56. Ke4 hxg3 57. Kf4 1-0

[Event "Hamburg St Pauli op-B"]
[Site "Hamburg"]
[Date "2014.07.23"]
[Round "5"]
[White "Hovhannisyan, Artur"]
[Black "Valkova, Angelika"]
[Result "0-1"]
[WhiteElo "1761"]
[BlackElo "1816"]
[PlyCount "132"]
[EventDate "2014.07.19"]
[EventType "swiss"]
[EventRounds "9"]
[EventCountry "GER"]
[SourceTitle "CBM 161 Extra"]
[Source "ChessBase"]
[SourceDate "2014.08.29"]
[SourceVersion "1"]
[SourceVersionDate "2014.08.29"]
[SourceQuality "1"]

1. e4 e6 2. d4 d5 3. exd5 exd5 4. c4 Bb4+ 5. Bd2 Qe7+ 6. Qe2 Bxd2+ 7. Nxd2 dxc4 8. Qxe7+ Nxe7 9. Bxc4 Nbc6 10. Ngf3 0-0 11. 0-0 Bg4 12. Rfe1 Rad8 13. h3 Bxf3 14. Nxf3 Nf5 15. d5 Na5 16. Rac1 Nxc4 17. Rxc4 Rd7 18. Rec1 Rc8 19. b4 Nd6 20. R4c2 Ne8 21. Re2 Nf6 22. Rce1 Kf8 23. g4 Nxd5 24. a3 h6 25. h4 Nf4 26. Re4 Ne6 27. Ne5 Rd4 28. R4e3 f6 29. Rf3 Kg8 30. Nd3 Rxg4+ 31. Rg3 Rxg3+ 32. fxg3 Kf7 33. Kf2 Re8 34. Rc1 c6 35. Nb2 Nd4 36. Nc4 Re2+ 37. Kf1 Rc2 38. Rxc2 Nxc2 39. Nd6+ Ke6 40. Nxb7 Nxa3 41. Nc5+ Kd5 42. Ke2 Nc2 43. Nd3 Kc4 44. Nf4 Nd4+ 45. Ke3 Nf5+ 46. Kf3 Kxb4 47. Kg4 Ne7 48. Nh5 f5+ 49. Kf4 g6 50. Ng7 a5 51. Ne6 a4 52. Nd4 a3 53. Nc2+ Kb3 54. Nxa3 Kxa3 55. Ke5 g5 56. h5 c5 57. Kf6 c4 58. Kxe7 c3 59. Kf6 c2 60. Kxf5 c1Q 61. g4 Qc6 62. Ke5 Kb4 63. Kf5 Qd6 64. Ke4 Qc5 65. Kd3 Qc4+ 66. Ke3 Qxg4 0-1

[Event "Hamburg St Pauli op-B"]
[Site "Hamburg"]
[Date "2014.07.20"]
[Round "3"]
[White "Hovhannisyan, Artur"]
[Black "Wiecki, Josef"]
[Result "1-0"]
[WhiteElo "1761"]
[BlackElo "1821"]
[PlyCount "67"]
[EventDate "2014.07.19"]
[EventType "swiss"]
[EventRounds "9"]
[EventCountry "GER"]
[SourceTitle "CBM 161 Extra"]
[Source "ChessBase"]
[SourceDate "2014.08.29"]
[SourceVersion "1"]
[SourceVersionDate "2014.08.29"]
[SourceQuality "1"]

1. e4 c6 2. d4 d5 3. exd5 cxd5 4. c4 e6 5. Nc3 Nf6 6. Bg5 Be7 7. Nf3 0-0 8. Bd3 Nc6 9. 0-0 a6 10. cxd5 exd5 11. h3 g6 12. Re1 Re8 13. Qd2 Be6 14. Rac1 Qd7 15. Bf1 Rac8 16. Qf4 Nh5 17. Qd2 Bxg5 18. Nxg5 Kg7 19. Na4 Qd6 20. Nc5 Re7 21. Re3 h6 22. Ngxe6+ fxe6 23. Rce1 Rce8 24. b4 Qf4 25. Rd1 Nf6 26. a3 e5 27. dxe5 Rxe5 28. Nd3 Qf5 29. Nxe5 Rxe5 30. Rxe5 Nxe5 31. Qe3 Qe4 32. Qxe4 dxe4 33. Rc1 Nd5 34. Rc5 1-0

[Event "GER-ch U12"]
[Site "Magdeburg"]
[Date "2014.06.14"]
[Round "11"]
[White "Hovhannisyan, Artur"]
[Black "Roseneck, Jonas"]
[Result "0-1"]
[WhiteElo "1573"]
[BlackElo "1814"]
[PlyCount "96"]
[EventDate "2014.06.08"]
[EventType "swiss"]
[EventRounds "11"]
[EventCountry "GER"]
[SourceTitle "CBM 160 Extra"]
[Source "ChessBase"]
[SourceDate "2014.07.01"]
[SourceVersion "1"]
[SourceVersionDate "2014.07.01"]
[SourceQuality "1"]

1. e4 c5 2. c3 Nf6 3. e5 Nd5 4. d4 cxd4 5. cxd4 e6 6. Nc3 Nxc3 7. bxc3 Qc7 8. Bd2 d6 9. f4 Nd7 10. Nf3 Be7 11. Bd3 b6 12. 0-0 Bb7 13. Rc1 0-0 14. Qe1 Rfe8 15. Qg3 f5 16. Ng5 Nf8 17. c4 Bxg5 18. Qxg5 h6 19. Qg3 Qd7 20. Bc3 d5 21. Rfd1 Rac8 22. cxd5 Bxd5 23. a3 Rc7 24. Bb4 Rec8 25. Qe3 Bb3 26. Rxc7 Rxc7 27. Rb1 Bc4 28. Bxc4 Rxc4 29. Rd1 Qd5 30. Qd3 Nd7 31. Bd6 b5 32. h3 Nb6 33. Bb4 Na4 34. Rd2 Kf7 35. Kh2 h5 36. h4 Nb6 37. Rd1 Qd8 38. g3 Nd5 39. Bc5 Qa5 40. Rb1 a6 41. Kh3 Nxf4+ 42. gxf4 Rc3 43. Rd1 Rxd3+ 44. Rxd3 Qe1 45. Rf3 Qh1+ 46. Kg3 Qg1+ 47. Kh3 Qg4+ 48. Kh2 Qxf3 0-1

[Event "GER-ch U12"]
[Site "Magdeburg"]
[Date "2014.06.13"]
[Round "10"]
[White "Suvorov, Luca"]
[Black "Hovhannisyan, Artur"]
[Result "1-0"]
[WhiteElo "1722"]
[BlackElo "1573"]
[PlyCount "111"]
[EventDate "2014.06.08"]
[EventType "swiss"]
[EventRounds "11"]
[EventCountry "GER"]
[SourceTitle "CBM 160 Extra"]
[Source "ChessBase"]
[SourceDate "2014.07.01"]
[SourceVersion "1"]
[SourceVersionDate "2014.07.01"]
[SourceQuality "1"]

1. Nf3 d6 2. d4 Nf6 3. c4 g6 4. Nc3 Bg7 5. e4 0-0 6. Be2 Nbd7 7. 0-0 c5 8. d5 a6 9. h3 Qc7 10. Bf4 b6 11. Re1 Bb7 12. Bf1 Ne8 13. Qe2 Ne5 14. Nxe5 dxe5 15. Be3 Nd6 16. Qc2 Rac8 17. Rac1 f5 18. f3 f4 19. Bf2 g5 20. Na4 Ba8 21. a3 a5 22. b4 Qa7 23. Rb1 h5 24. Nxb6 Qxb6 25. bxc5 Qc7 26. cxd6 exd6 27. Bb6 Qd7 28. Bxa5 g4 29. Kh2 Rf6 30. Be2 Rh6 31. Rg1 Bf6 32. Qd1 g3+ 33. Kh1 Qg7 34. Qb3 Rh8 35. Rgc1 Kh7 36. Bb4 Qd7 37. c5 dxc5 38. Rxc5 Rxc5 39. Bxc5 Rc8 40. Bb4 Qc7 41. d6 Qd7 42. Ba6 Rb8 43. Bc4 Bc6 44. Be6 Qb7 45. Bd5 Qb6 46. Bxc6 Qxc6 47. Qf7+ Bg7 48. Qc7 Qb5 49. d7 Qd3 50. Rc1 Qe3 51. Re1 Rxb4 52. Rd1 Rb2 53. d8Q Qf2 54. Qxg7+ Kxg7 55. Qe7+ Kg6 56. Rd6# 1-0

[Event "GER-ch U12"]
[Site "Magdeburg"]
[Date "2014.06.11"]
[Round "6"]
[White "Hovhannisyan, Artur"]
[Black "Mantel, Ruben"]
[Result "1-0"]
[WhiteElo "1573"]
[BlackElo "1699"]
[PlyCount "77"]
[EventDate "2014.06.08"]
[EventType "swiss"]
[EventRounds "11"]
[EventCountry "GER"]
[SourceTitle "CBM 160 Extra"]
[Source "ChessBase"]
[SourceDate "2014.07.01"]
[SourceVersion "1"]
[SourceVersionDate "2014.07.01"]
[SourceQuality "1"]

1. e4 e6 2. d4 d5 3. Nc3 Bb4 4. e5 c5 5. a3 Ba5 6. Nf3 Nc6 7. Bb5 Qb6 8. Bxc6+ bxc6 9. 0-0 Ba6 10. Re1 c4 11. Qe2 Ne7 12. Bd2 Qxb2 13. Na4 Qb5 14. Nc5 c3 15. Nxa6 cxd2 16. Nxd2 Qxe2 17. Rxe2 0-0 18. Nb3 Bc3 19. Rd1 Rfc8 20. a4 Ng6 21. Re3 Bb2 22. Nbc5 Rab8 23. Nxb8 Rxb8 24. Rb3 Rxb3 25. Nxb3 Kf8 26. Na5 Ne7 27. Rd3 Ke8 28. Kf1 Kd7 29. Ke2 Nc8 30. Nb7 Nb6 31. Nc5+ Kc7 32. g4 Nc4 33. Nb3 g6 34. Rf3 Na3 35. Kd3 Kb6 36. Rxf7 Nc4 37. Rxh7 Na5 38. Nxa5 Kxa5 39. Rxa7+ 1-0

[Event "GER-ch U12"]
[Site "Magdeburg"]
[Date "2014.06.08"]
[Round "1"]
[White "Berelowitsch, Dana"]
[Black "Hovhannisyan, Artur"]
[Result "0-1"]
[WhiteElo "1102"]
[BlackElo "1573"]
[PlyCount "66"]
[EventDate "2014.06.08"]
[EventType "swiss"]
[EventRounds "11"]
[EventCountry "GER"]
[SourceTitle "CBM 160 Extra"]
[Source "ChessBase"]
[SourceDate "2014.07.01"]
[SourceVersion "1"]
[SourceVersionDate "2014.07.01"]
[SourceQuality "1"]

1. e4 e6 2. d4 c5 3. c3 d5 4. e5 Nc6 5. Nf3 Qb6 6. Be2 Bd7 7. 0-0 Rc8 8. Qd3 cxd4 9. cxd4 Nb4 10. Qb3 Nc2 11. Qxb6 axb6 12. Nc3 Nxa1 13. Bd3 Ne7 14. Bd2 Nc6 15. Rxa1 Be7 16. Rc1 0-0 17. a3 Na5 18. Rc2 Nc4 19. Be1 Rc7 20. Ne2 Rfc8 21. Bc3 Ba4 22. Rc1 Na5 23. h3 Nb3 24. Rb1 Na5 25. Kh2 Bb3 26. Nd2 Bc4 27. Nxc4 Nxc4 28. Nf4 Nxa3 29. bxa3 Rxc3 30. Rxb6 g5 31. Rxb7 gxf4 32. Bxh7+ Kxh7 33. Rxe7 R3c7 0-1